[Event "Biella op 6th"]
[Site "Biella"]
[Date "2015.09.27"]
[Round "4"]
[White "Bargeri, Ludovico"]
[Black "Drago, Paolo"]
[Result "1-0"]
[WhiteElo "2092"]
[BlackElo "2099"]
[PlyCount "131"]
[EventDate "2015.09.25"]
[EventType "swiss"]
[EventRounds "5"]
[EventCountry "ITA"]
[SourceTitle "EXT 2016"]
[Source "ChessBase"]
[SourceDate "2015.10.08"]
[SourceVersion "1"]
[SourceVersionDate "2015.10.08"]
[SourceQuality "1"]

1. e4 e6 2. Nf3 d5 3. Nc3 Nf6 4. e5 Nfd7 5. d4 Be7 6. Bf4 a6 7. h4 c5 8. dxc5 Nxc5 9. h5 h6 10. Rh3 Qb6 11. Rb1 Nc6 12. Rg3 Bf8 13. Bd3 Bd7 14. a3 Nxd3+ 15. cxd3 Nd4 16. Nxd4 Qxd4 17. Ne2 Qb6 18. Be3 Qa5+ 19. Qd2 Qxd2+ 20. Kxd2 Rc8 21. Rc1 Rxc1 22. Nxc1 Ba4 23. b3 Bc6 24. b4 Ba4 25. Ne2 Bc6 26. Bc5 Rg8 27. Nf4 Be7 28. Bxe7 Kxe7 29. Ke3 Ba4 30. f3 Bc6 31. Kd4 b6 32. Ne2 Kd8 33. Nc3 Kc7 34. f4 Kb7 35. a4 Bd7 36. Ke3 Kc6 37. b5+ axb5 38. Nxb5 Kc5 39. Nd6 d4+ 40. Kd2 Bxa4 41. Nxf7 b5 42. Nxh6 Rh8 43. Nf7 Rxh5 44. Rxg7 Kb4 45. Ng5 Rh6 46. Nf3 Kc5 47. Rc7+ Kb6 48. Rc1 Rg6 49. Nxd4 Rxg2+ 50. Ke3 b4 51. Nxe6 Bb5 52. Nc5 Bc6 53. f5 Rg8 54. Kf4 Bd5 55. e6 b3 56. Nxb3 Bxb3 57. Rb1 Kc5 58. Rxb3 Kd6 59. Rb7 Rg1 60. Rd7+ Kc6 61. Ke5 Re1+ 62. Kf6 Rg1 63. d4 Rg2 64. d5+ Kc5 65. e7 Re2 66. Kf7 1-0

[Event "Biella op 6th"]
[Site "Biella"]
[Date "2015.09.26"]
[Round "3"]
[White "Agnello, Francesco Claudio"]
[Black "Bargeri, Ludovico"]
[Result "0-1"]
[WhiteElo "1945"]
[BlackElo "2092"]
[PlyCount "76"]
[EventDate "2015.09.25"]
[EventType "swiss"]
[EventRounds "5"]
[EventCountry "ITA"]
[SourceTitle "EXT 2016"]
[Source "ChessBase"]
[SourceDate "2015.10.08"]
[SourceVersion "1"]
[SourceVersionDate "2015.10.08"]
[SourceQuality "1"]

1. e4 e6 2. d4 d5 3. Nc3 Bb4 4. e5 c5 5. Bd2 Ne7 6. Nb5 Bxd2+ 7. Qxd2 0-0 8. c3 Nbc6 9. f4 cxd4 10. Nxd4 f6 11. exf6 Rxf6 12. Ngf3 Qd6 13. g3 e5 14. fxe5 Nxe5 15. Nxe5 Qxe5+ 16. Qe2 Qg5 17. Qd2 Qxd2+ 18. Kxd2 Rf2+ 19. Be2 Bh3 20. Rae1 Bg2 21. Rhg1 Nc6 22. Nxc6 bxc6 23. Ke3 Raf8 24. h4 g6 25. b3 Kg7 26. a4 c5 27. b4 d4+ 28. cxd4 cxb4 29. Rc1 Bd5 30. Rc5 Ba2 31. Rc7+ R2f7 32. Rxf7+ Rxf7 33. Bb5 Rc7 34. Rd1 Bd5 35. a5 b3 36. Rd2 Rc3+ 37. Kf4 Kf6 38. Bd3 Rxd3 0-1

[Event "Lesa op"]
[Site "Lesa"]
[Date "2015.09.19"]
[Round "2"]
[White "Bargeri, Ludovico"]
[Black "Boschetti, Claudio"]
[Result "1/2-1/2"]
[WhiteElo "2092"]
[BlackElo "2158"]
[PlyCount "80"]
[EventDate "2015.09.18"]
[EventType "swiss"]
[EventRounds "5"]
[EventCountry "ITA"]
[SourceTitle "EXT 2016"]
[Source "ChessBase"]
[SourceDate "2015.10.08"]
[SourceVersion "1"]
[SourceVersionDate "2015.10.08"]
[SourceQuality "1"]

1. b3 d6 2. Bb2 Nd7 3. e3 e5 4. d4 c6 5. Nf3 e4 6. Nfd2 d5 7. c4 f5 8. Nc3 Ngf6 9. Qc2 a6 10. Be2 Bd6 11. f3 0-0 12. f4 b5 13. c5 Bc7 14. 0-0-0 a5 15. Rdg1 Rf7 16. h3 Nf8 17. Nf1 g6 18. g4 Kh8 19. g5 Ne8 20. h4 Ng7 21. Ng3 Nfe6 22. Qd2 Ba6 23. h5 Kg8 24. hxg6 hxg6 25. Rh6 Nf8 26. Rgh1 Rd7 27. Rh8+ Kf7 28. R1h6 b4 29. Na4 Bb5 30. Bd1 Qe7 31. Qh2 Rdd8 32. Nh5 Nfe6 33. Rxd8 Rxd8 34. Nxg7 Nxg7 35. Kd2 Rg8 36. Bc1 Ne6 37. Rh7+ Rg7 38. Qh6 Rxh7 39. Qxh7+ Ng7 40. Ke1 Qd8 1/2-1/2

[Event "Bratto op 35th"]
[Site "Bratto"]
[Date "2015.08.26"]
[Round "5"]
[White "Sulava, Nenad"]
[Black "Bargeri, Ludovico"]
[Result "1-0"]
[WhiteElo "2442"]
[BlackElo "2092"]
[PlyCount "141"]
[EventDate "2015.08.22"]
[EventType "swiss"]
[EventRounds "9"]
[EventCountry "ITA"]
[SourceTitle "EXT 2016"]
[Source "ChessBase"]
[SourceDate "2015.10.08"]
[SourceVersion "1"]
[SourceVersionDate "2015.10.08"]
[SourceQuality "1"]

1. Nf3 Nf6 2. g3 b6 3. Bg2 Bb7 4. 0-0 g6 5. d4 Bg7 6. c4 0-0 7. Re1 d6 8. Qc2 Be4 9. Qb3 c5 10. Nc3 Bb7 11. d5 Nbd7 12. h3 a6 13. a4 b5 14. axb5 axb5 15. Rxa8 Qxa8 16. Nxb5 Rb8 17. e4 Ba6 18. Bf1 Bxb5 19. cxb5 Nb6 20. Bf4 Nfd7 21. e5 Qxd5 22. Qxd5 Nxd5 23. exd6 Nxf4 24. Rxe7 Rd8 25. gxf4 Bf8 26. Ne5 Nxe5 27. Rxe5 Bxd6 28. Rd5 Be7 29. Bc4 Rxd5 30. Bxd5 Bd8 31. Kf1 Kf8 32. Ke2 Ke7 33. Kd3 f6 34. Bg8 h6 35. b3 Kd6 36. Bf7 g5 37. Ke4 Bc7 38. Bh5 Ke6 39. Bg4+ Kd6 40. Kf5 Ke7 41. Ke4 Kd6 42. Bc8 Bb8 43. Bg4 Bc7 44. Be2 Bb8 45. Bd3 Bc7 46. Bc4 Bb8 47. Kf5 Ke7 48. fxg5 hxg5 49. b6 Bd6 50. Ke4 Kd7 51. Kd5 Bh2 52. Bb5+ Kc8 53. Bc6 Bg1 54. f3 Bh2 55. Kxc5 f5 56. Kd5 f4 57. Ke6 Bg3 58. Kf5 Bh4 59. Bd5 Kb8 60. b4 Kc8 61. b5 Kb8 62. b7 Kc7 63. b6+ Kb8 64. Kg4 Be1 65. Kxg5 Bh4+ 66. Kxf4 Bg5+ 67. Kf5 Bf4 68. h4 Bh6 69. h5 Bf4 70. Kg6 Bh6 71. Bb3 1-0

[Event "Ascona op 9th"]
[Site "Ascona"]
[Date "2014.04.06"]
[Round "4"]
[White "Medici, Simone"]
[Black "Bargeri, Ludovico"]
[Result "1-0"]
[WhiteElo "2101"]
[BlackElo "2146"]
[PlyCount "67"]
[EventDate "2014.04.04"]
[EventType "swiss"]
[EventRounds "5"]
[EventCountry "SUI"]
[SourceTitle "CBM 160 Extra"]
[Source "ChessBase"]
[SourceDate "2014.07.01"]
[SourceVersion "1"]
[SourceVersionDate "2014.07.01"]
[SourceQuality "1"]

1. c4 e5 2. Nc3 d6 3. g3 Be6 4. Bg2 Nc6 5. Nd5 Qd7 6. a3 Nd8 7. e4 c6 8. Ne3 Nf6 9. d4 exd4 10. Qxd4 c5 11. Qc3 Nc6 12. f4 Qc7 13. Ne2 Qa5 14. Bd2 Qxc3 15. Bxc3 Ng4 16. Nd5 Bxd5 17. cxd5 Nd8 18. Bf3 Nh6 19. g4 f6 20. h4 Nhf7 21. g5 Be7 22. Ng3 b5 23. Nf5 Rg8 24. Nxg7+ Rxg7 25. gxf6 Rg8 26. fxe7 Kxe7 27. Kf2 a5 28. b4 axb4 29. axb4 Nb7 30. e5 Ra4 31. Rxa4 bxa4 32. Ra1 Ra8 33. Ra3 Kd8 34. e6 1-0

[Event "Ascona op 9th"]
[Site "Ascona"]
[Date "2014.04.05"]
[Round "3"]
[White "Bargeri, Ludovico"]
[Black "Meijers, Viesturs"]
[Result "0-1"]
[WhiteElo "2146"]
[BlackElo "2470"]
[PlyCount "80"]
[EventDate "2014.04.04"]
[EventType "swiss"]
[EventRounds "5"]
[EventCountry "SUI"]
[SourceTitle "CBM 160 Extra"]
[Source "ChessBase"]
[SourceDate "2014.07.01"]
[SourceVersion "1"]
[SourceVersionDate "2014.07.01"]
[SourceQuality "1"]

1. d4 Nf6 2. c4 e6 3. Nc3 Bb4 4. Qc2 c5 5. dxc5 Bxc5 6. Nf3 b6 7. Bg5 Bb7 8. e3 h6 9. Bh4 a6 10. Rd1 Be7 11. h3 d6 12. Be2 Nbd7 13. 0-0 Qc7 14. Nd2 Rc8 15. Bg3 0-0 16. Nde4 Nxe4 17. Nxe4 Ne5 18. Rd2 f5 19. Nc3 Nxc4 20. Bxc4 Qxc4 21. Qb3 Qxb3 22. axb3 Rfd8 23. Rfd1 e5 24. f4 e4 25. Nd5 Bxd5 26. Rxd5 Rc5 27. Be1 Kf7 28. Bc3 g6 29. Kf2 Rxd5 30. Rxd5 Rc8 31. Rd2 Ke6 32. g3 Rc5 33. Ke2 Rb5 34. b4 d5 35. Rd4 Bf6 36. Rd2 a5 37. Rc2 Bxc3 38. bxc3 axb4 39. cxb4 d4 40. exd4 Kd5 0-1

[Event "Biella op-A 4th"]
[Site "Biella"]
[Date "2013.09.28"]
[Round "2"]
[White "Bargeri, Ludovico"]
[Black "Molina, Fabrizio"]
[Result "1-0"]
[WhiteElo "2066"]
[BlackElo "2246"]
[PlyCount "77"]
[EventDate "2013.09.27"]
[EventType "swiss"]
[EventRounds "5"]
[EventCountry "ITA"]
[SourceTitle "CBM 156 Extra"]
[Source "ChessBase"]
[SourceDate "2013.10.22"]
[SourceVersion "1"]
[SourceVersionDate "2013.10.22"]
[SourceQuality "1"]

1. d4 d6 2. e4 Nf6 3. Nc3 Nbd7 4. Nf3 e5 5. Bc4 Be7 6. 0-0 0-0 7. Re1 c6 8. a4 b6 9. h3 a6 10. Bg5 Rb8 11. dxe5 dxe5 12. Nh4 b5 13. axb5 axb5 14. Ba2 Ne8 15. Bxe7 Qxe7 16. Nf5 Qf6 17. Qe2 Nc5 18. Ng3 Nc7 19. Qe3 N5e6 20. Bxe6 Nxe6 21. Nce2 g6 22. Qh6 Rd8 23. Red1 Qg7 24. Rxd8+ Nxd8 25. Qe3 Qf8 26. Nf5 Be6 27. Nh6+ Kh8 28. Ra7 Nb7 29. Qg3 f6 30. Ng4 Bc4 31. Qf3 Bxe2 32. Qxe2 Qc5 33. Ra3 Qe7 34. Qf3 Kg7 35. Qe3 Nd8 36. Qh6+ Kg8 37. Rf3 Nf7 38. Qh4 Rb7 39. Nxf6+ 1-0

[Event "Lesa op 2nd"]
[Site "Lesa"]
[Date "2013.09.20"]
[Round "1"]
[White "Bargeri, Ludovico"]
[Black "Lachat, Martin"]
[Result "1-0"]
[WhiteElo "2066"]
[BlackElo "1661"]
[PlyCount "115"]
[EventDate "2013.09.20"]
[EventType "swiss"]
[EventRounds "5"]
[EventCountry "ITA"]
[SourceTitle "EXT 2015"]
[Source "ChessBase"]
[SourceDate "2014.11.20"]
[SourceVersion "1"]
[SourceVersionDate "2014.11.20"]
[SourceQuality "1"]

1. d4 f5 2. Bg5 g6 3. Nc3 Bg7 4. h4 Nf6 5. e3 0-0 6. Bc4+ Kh8 7. Nge2 c6 8. Nf4 d5 9. Bd3 Qe8 10. h5 Nxh5 11. Nxh5 gxh5 12. Qxh5 Qxh5 13. Rxh5 Bf6 14. Bxf6+ Rxf6 15. g4 e6 16. g5 Rg6 17. 0-0-0 Nd7 18. Rdh1 Nf8 19. Ne2 Bd7 20. f4 Re8 21. Ng1 Re7 22. Nf3 Be8 23. Kd2 Rgg7 24. Rh6 Rg6 25. R6h2 Rgg7 26. c3 b5 27. Ra1 a5 28. a3 Rb7 29. Rhh1 Ng6 30. Ke2 Kg8 31. Kf2 Nf8 32. Be2 Ng6 33. Rhb1 Rgc7 34. c4 Kh8 35. cxb5 cxb5 36. Rc1 Kg8 37. Nd2 Ne7 38. Rab1 Kh8 39. b4 a4 40. Rc5 Rxc5 41. bxc5 Bc6 42. Rb4 Kg8 43. Nb1 Nc8 44. Nc3 Na7 45. Rb1 Be8 46. Nxa4 b4 47. Nb6 bxa3 48. Ra1 Rb8 49. Rxa3 Nc8 50. Nxc8 Rxc8 51. Ra7 Rb8 52. Ra6 Bf7 53. Rb6 Rc8 54. Ba6 Rc7 55. Rb8+ Kg7 56. Rb7 Rc6 57. Bb5 Rc8 58. Bd7 1-0

[Event "Bergamo op 12th"]
[Site "Bergamo"]
[Date "2013.07.20"]
[Round "4"]
[White "Bargeri, Ludovico"]
[Black "Sirena, Gianni"]
[Result "1/2-1/2"]
[WhiteElo "2054"]
[BlackElo "2014"]
[PlyCount "102"]
[EventDate "2013.07.19"]
[EventType "swiss"]
[EventRounds "6"]
[EventCountry "ITA"]
[SourceTitle "EXT 2024"]
[Source "ChessBase"]
[SourceDate "2023.10.10"]
[SourceVersion "1"]
[SourceVersionDate "2023.10.10"]
[SourceQuality "1"]

1. d4 Nf6 2. c4 c5 3. d5 b5 4. cxb5 a6 5. bxa6 g6 6. Nc3 Bxa6 7. Nf3 Bg7 8. e4 Bxf1 9. Kxf1 d6 10. g3 0-0 11. Kg2 Nbd7 12. a4 Ra6 13. Qc2 Qa8 14. Bg5 Rb8 15. b3 e6 16. Bxf6 Nxf6 17. dxe6 fxe6 18. Rhe1 d5 19. Rab1 Ng4 20. h3 Bxc3 21. Qxc3 dxe4 22. hxg4 exf3+ 23. Qxf3 Qxf3+ 24. Kxf3 Rab6 25. Rbc1 Rxb3+ 26. Kg2 R3b4 27. Rxc5 Rxa4 28. Rxe6 Ra7 29. g5 Rf7 30. f4 Rbf8 31. Kf3 Kg7 32. Rce5 Ra8 33. Re8 Rxe8 34. Rxe8 h6 35. gxh6+ Kxh6 36. g4 Kg7 37. Ke4 Ra7 38. Rd8 Re7+ 39. Kf3 Ra7 40. Kg3 Rf7 41. Rd6 Rb7 42. Kh4 Ra7 43. Kg5 Ra5+ 44. f5 gxf5 45. Rd7+ Kf8 46. gxf5 Ra6 47. Rh7 Kg8 48. Re7 Kf8 49. Rb7 Rc6 50. Rb8+ Kf7 51. Rb7+ Kf8 1/2-1/2

[Event "Bergamo op 12th"]
[Site "Bergamo"]
[Date "2013.07.19"]
[Round "2"]
[White "Bargeri, Ludovico"]
[Black "Sgnaolin, Davide"]
[Result "1/2-1/2"]
[WhiteElo "2054"]
[BlackElo "2258"]
[PlyCount "57"]
[EventDate "2013.07.19"]
[EventType "swiss"]
[EventRounds "6"]
[EventCountry "ITA"]
[SourceTitle "EXT 2024"]
[Source "ChessBase"]
[SourceDate "2023.10.10"]
[SourceVersion "1"]
[SourceVersionDate "2023.10.10"]
[SourceQuality "1"]

1. d4 Nf6 2. c4 c5 3. d5 b5 4. cxb5 a6 5. bxa6 g6 6. Nc3 Bxa6 7. Nf3 d6 8. e4 Bxf1 9. Kxf1 Nbd7 10. g3 Bg7 11. Kg2 0-0 12. a4 Ra6 13. Qc2 Qa8 14. Nb5 Rc8 15. Bd2 e6 16. dxe6 fxe6 17. Rhe1 c4 18. Bf4 e5 19. Bg5 Ne8 20. Red1 h6 21. Be3 Kh7 22. Nd2 Nef6 23. h3 d5 24. exd5 Nxd5 25. Kh2 Nxe3 26. fxe3 Rf8 27. Ne4 Qc8 28. Nbd6 Qa8 29. Nb5 1/2-1/2

[Event "Omegna op 1st"]
[Site "Omegna"]
[Date "2013.07.05"]
[Round "3"]
[White "Bargeri, Ludovico"]
[Black "Vitale, Alessandro"]
[Result "1/2-1/2"]
[WhiteElo "2054"]
[BlackElo "1774"]
[PlyCount "103"]
[EventDate "2013.07.04"]
[EventType "swiss"]
[EventRounds "6"]
[EventCountry "ITA"]
[SourceTitle "EXT 2014"]
[Source "ChessBase"]
[SourceDate "2013.11.20"]
[SourceVersion "1"]
[SourceVersionDate "2013.11.20"]
[SourceQuality "1"]

1. d4 f5 2. Bg5 h6 3. Bh4 g5 4. e3 Nf6 5. Bg3 e6 6. h4 Rg8 7. hxg5 hxg5 8. Nc3 Bb4 9. a3 Bxc3+ 10. bxc3 b6 11. c4 Bb7 12. f3 d6 13. Bd3 Qe7 14. Qe2 Nbd7 15. Bf2 0-0-0 16. 0-0-0 d5 17. Kb1 Rh8 18. Rxh8 Rxh8 19. Nh3 Qg7 20. Ka2 dxc4 21. Bxc4 Bd5 22. Bxd5 Nxd5 23. Be1 f4 24. e4 Ne3 25. Rd3 e5 26. d5 g4 27. fxg4 Nc5 28. Rc3 Nxe4 29. Rc6 Nc5 30. d6 Qg8+ 31. Kb1 Rh7 32. Bb4 Qd5 33. Rxc7+ Rxc7 34. dxc7 Kxc7 35. g5 Ne6 36. g6 a5 37. Bc3 Kd6 38. Nf2 Nc4 39. Ne4+ Ke7 40. Qd3 Qc6 41. Kc1 Kf8 42. Qh3 Qxe4 43. Qxe6 Kg7 44. Qf7+ Kh6 45. g7 Qe3+ 46. Kb1 Qxc3 47. g8N+ Kg5 48. Qf6+ Kh5 49. Qh6+ Kg4 50. Qg6+ Kh4 51. Qh6+ Kg4 52. Qg6+ 1/2-1/2

[Event "Robecchetto op 23rd"]
[Site "Robecchetto"]
[Date "2012.12.30"]
[Round "6"]
[White "Siclari, Giovanni"]
[Black "Bargeri, Ludovico"]
[Result "1/2-1/2"]
[WhiteElo "2007"]
[BlackElo "2010"]
[PlyCount "125"]
[EventDate "2012.12.27"]
[EventType "swiss"]
[EventRounds "6"]
[EventCountry "ITA"]
[SourceTitle "EXT 2014"]
[Source "ChessBase"]
[SourceDate "2013.11.20"]
[SourceVersion "1"]
[SourceVersionDate "2013.11.20"]
[SourceQuality "1"]

1. Nf3 e6 2. c4 d5 3. d4 c5 4. cxd5 exd5 5. Nc3 Nc6 6. g3 Nf6 7. Bg2 Be7 8. 0-0 0-0 9. Bg5 c4 10. Ne5 Be6 11. Nxc6 bxc6 12. b3 Qa5 13. Qc2 h6 14. Bxf6 Bxf6 15. e3 Rac8 16. bxc4 dxc4 17. Ne4 Be7 18. Nd2 Qa6 19. Rfd1 Rfd8 20. Rab1 Rc7 21. Bf1 c5 22. Bxc4 cxd4 23. Bxa6 Rxc2 24. Bd3 Rxa2 25. exd4 g6 26. Rb7 Bf6 27. Bb1 Ra1 28. Nb3 Bxb3 29. Rxb3 Rxd4 30. Rxd4 Bxd4 31. Kg2 a5 32. Be4 Ra2 33. Rf3 Re2 34. Bd5 Re7 35. h4 Ra7 36. Rf4 Be5 37. Re4 Bd6 38. Bb3 Kg7 39. Rd4 Bb4 40. Rf4 Re7 41. Kf3 Rc7 42. Kg2 Rd7 43. Ba2 Bd2 44. Rf3 h5 45. Bb3 Ra7 46. Rd3 Bb4 47. Rd4 Rc7 48. Rf4 Bd6 49. Rf3 Be5 50. Re3 Bf6 51. Re4 Rc3 52. Bd5 Rd3 53. Bc4 Rd2 54. Bb3 Bd4 55. Rf4 f5 56. Kf1 Bb6 57. Ba4 Ra2 58. Bb5 Ba7 59. Be8 Bb6 60. Bb5 Rb2 61. Ba4 Rb4 62. Rxb4 axb4 63. Bb3 1/2-1/2

[Event "Robecchetto op 23rd"]
[Site "Robecchetto"]
[Date "2012.12.29"]
[Round "5"]
[White "Bargeri, Ludovico"]
[Black "Montilli, Vincenzo"]
[Result "0-1"]
[WhiteElo "2010"]
[BlackElo "1909"]
[PlyCount "118"]
[EventDate "2012.12.27"]
[EventType "swiss"]
[EventRounds "6"]
[EventCountry "ITA"]
[SourceTitle "EXT 2014"]
[Source "ChessBase"]
[SourceDate "2013.11.20"]
[SourceVersion "1"]
[SourceVersionDate "2013.11.20"]
[SourceQuality "1"]

1. d4 Nf6 2. c4 g6 3. Nc3 Bg7 4. e4 d6 5. Nf3 0-0 6. Be2 e5 7. 0-0 exd4 8. Nxd4 Nc6 9. Be3 Re8 10. f3 Nh5 11. Qd2 Nf4 12. Rfd1 Nxd4 13. Bxd4 Qg5 14. Bf1 Bxd4+ 15. Qxd4 b6 16. Nd5 Nxd5 17. cxd5 Bb7 18. Rac1 Re7 19. Qd2 Qxd2 20. Rxd2 a6 21. Rdc2 Rc8 22. b4 Kg7 23. Kf2 f5 24. Ke3 fxe4 25. fxe4 Bxd5 26. Bxa6 Bxe4 27. Bxc8 Bxc2+ 28. Kd4 Ba4 29. Bg4 Be8 30. Bf3 Kf6 31. Ra1 b5 32. Rc1 h5 33. h4 Ke6 34. Rc2 Kd7 35. Be2 c6 36. Bf3 Kc7 37. Be4 Kb6 38. Bf3 Re5 39. a3 g5 40. hxg5 Rxg5 41. Re2 Bf7 42. Re7 Bd5 43. Bxd5 Rxd5+ 44. Ke4 Rd2 45. Rg7 Ra2 46. Rg3 h4 47. Rg4 Rxa3 48. Rxh4 Rg3 49. Rh2 Rg4+ 50. Kd3 Rxb4 51. Rh6 Kc5 52. Rg6 Rb1 53. g4 b4 54. Kc2 Rg1 55. g5 Rg3 56. Kb2 Kd5 57. Rg8 c5 58. g6 Kc4 59. g7 d5 0-1

[Event "Robecchetto op 23rd"]
[Site "Robecchetto"]
[Date "2012.12.27"]
[Round "1"]
[White "Bargeri, Ludovico"]
[Black "Bardone, Lorenzo"]
[Result "1-0"]
[WhiteElo "2010"]
[BlackElo "1924"]
[PlyCount "65"]
[EventDate "2012.12.27"]
[EventType "swiss"]
[EventRounds "6"]
[EventCountry "ITA"]
[SourceTitle "EXT 2014"]
[Source "ChessBase"]
[SourceDate "2013.11.20"]
[SourceVersion "1"]
[SourceVersionDate "2013.11.20"]
[SourceQuality "1"]

1. d4 d5 2. c4 c6 3. Nf3 Nf6 4. Qc2 dxc4 5. Qxc4 Be6 6. Qc2 g6 7. Nc3 Bg7 8. e4 0-0 9. Be2 Bg4 10. Be3 Nbd7 11. 0-0 Rc8 12. Rfd1 Qc7 13. Rac1 Nb6 14. h3 Bxf3 15. Bxf3 Rfd8 16. Qb3 Nfd7 17. e5 c5 18. Nb5 c4 19. Qa3 Qb8 20. Nxa7 Rc7 21. Nb5 Rcc8 22. Qxe7 Bf8 23. Qh4 Qa8 24. Nc3 Qa6 25. Bg4 Re8 26. a3 Rc7 27. Qg3 Rec8 28. h4 Rd8 29. h5 Na4 30. Nxa4 Qxa4 31. hxg6 hxg6 32. Qh3 Bg7 33. Bg5 1-0

[Event "Bergamo op 11th"]
[Site "Bergamo"]
[Date "2012.12.13"]
[Round "2"]
[White "Ventura, Franco"]
[Black "Bargeri, Ludovico"]
[Result "1/2-1/2"]
[WhiteElo "2084"]
[BlackElo "1954"]
[PlyCount "142"]
[EventDate "2012.07.13"]
[EventType "swiss"]
[EventRounds "6"]
[EventCountry "ITA"]
[SourceTitle "EXT 2014"]
[Source "ChessBase"]
[SourceDate "2013.11.20"]
[SourceVersion "1"]
[SourceVersionDate "2013.11.20"]
[SourceQuality "1"]

1. c4 e5 2. g3 Nf6 3. Bg2 c6 4. d4 Bb4+ 5. Bd2 Bxd2+ 6. Qxd2 d6 7. dxe5 dxe5 8. Qxd8+ Kxd8 9. Nf3 Nbd7 10. Nc3 h6 11. 0-0 Re8 12. Nd2 Kc7 13. Rac1 Nc5 14. b4 Ne6 15. e3 Rd8 16. Nb3 Bd7 17. Nd5+ Kb8 18. Nxf6 gxf6 19. Rfd1 Kc7 20. Kf1 Be8 21. Rxd8 Rxd8 22. Ke2 Bd7 23. c5 Ng7 24. Na5 Bg4+ 25. f3 Be6 26. Nc4 Bxc4+ 27. Rxc4 Nf5 28. Bh3 Ne7 29. f4 Re8 30. fxe5 fxe5 31. Rc1 f6 32. Rf1 Rf8 33. Be6 Nd5 34. Bxd5 cxd5 35. Rf5 Kd7 36. Rh5 Rh8 37. Kd3 Ke6 38. g4 Kf7 39. Rf5 Rg8 40. h3 Ke6 41. Rh5 Rg6 42. a3 Kd7 43. b5 Ke6 44. a4 Kd7 45. a5 a6 46. bxa6 bxa6 47. Kc3 Kc7 48. Rf5 Kc6 49. Kb4 Kc7 50. Rf2 Kc6 51. Rf1 Kc7 52. e4 dxe4 53. Kc4 e3 54. Rf3 Rg7 55. Rxe3 Rd7 56. Rf3 Rd4+ 57. Kc3 Rf4 58. Rd3 Kc6 59. Rd6+ Kxc5 60. Rxa6 Kb5 61. Ra8 Ra4 62. Kd2 Rxa5 63. Rh8 Ra2+ 64. Ke1 Kc4 65. Rxh6 Rh2 66. Kf1 e4 67. Kg1 e3 68. Rxf6 Rxh3 69. Kg2 Rh4 70. Kf3 Rh3+ 71. Ke2 Rg3 1/2-1/2

[Event "Lesa op 1st"]
[Site "Lesa"]
[Date "2012.10.12"]
[Round "1"]
[White "Folli, Aldo"]
[Black "Bargeri, Ludovico"]
[Result "0-1"]
[WhiteElo "1628"]
[BlackElo "2002"]
[PlyCount "74"]
[EventDate "2012.10.12"]
[EventType "swiss"]
[EventRounds "5"]
[EventCountry "ITA"]
[SourceTitle "EXT 2015"]
[Source "ChessBase"]
[SourceDate "2014.11.20"]
[SourceVersion "1"]
[SourceVersionDate "2014.11.20"]
[SourceQuality "1"]

1. e4 e6 2. d4 d5 3. e5 c5 4. c3 Nc6 5. Nf3 Qb6 6. a3 Bd7 7. Be2 Nge7 8. 0-0 cxd4 9. cxd4 Nf5 10. b4 Nfxd4 11. Nxd4 Qxd4 12. Qxd4 Nxd4 13. Bd3 Rc8 14. Nd2 Be7 15. Bb2 Nc6 16. Rac1 0-0 17. f4 f6 18. Nf3 fxe5 19. Nxe5 Nxe5 20. Bxe5 Bf6 21. Bxf6 gxf6 22. Rc2 Rxc2 23. Bxc2 Rc8 24. Rf2 Rc3 25. a4 Ra3 26. a5 Bb5 27. g3 Kg7 28. Kg2 d4 29. Be4 Bc6 30. Bxc6 bxc6 31. Rc2 Rc3 32. Re2 Kf7 33. Kf1 Ke7 34. Rd2 e5 35. f5 Rf3+ 36. Rf2 Rxf2+ 37. Kxf2 e4 0-1

[Event "ITA-ch U20 20th"]
[Site "Acqui Terme"]
[Date "2012.07.23"]
[Round "1"]
[White "Altini, Nicola"]
[Black "Bargeri, Ludovico"]
[Result "1-0"]
[WhiteElo "2332"]
[BlackElo "1954"]
[PlyCount "29"]
[EventDate "2012.07.23"]
[EventType "swiss"]
[EventRounds "9"]
[EventCountry "ITA"]
[SourceTitle "EXT 2014"]
[Source "ChessBase"]
[SourceDate "2013.11.20"]
[SourceVersion "1"]
[SourceVersionDate "2013.11.20"]
[SourceQuality "1"]

1. d4 d5 2. c4 c6 3. Nf3 Nf6 4. Nc3 e6 5. g3 Nbd7 6. Bg2 dxc4 7. 0-0 b5 8. e4 Bb7 9. e5 Nd5 10. Ng5 Qb6 11. Qf3 0-0-0 12. Nxf7 Be7 13. Nxh8 Rxh8 14. Qf7 Nxc3 15. bxc3 1-0

[Event "Erba op 6th"]
[Site "Erba"]
[Date "2012.03.10"]
[Round "2"]
[White "Negro, Roberto"]
[Black "Bargeri, Ludovico"]
[Result "0-1"]
[WhiteElo "2129"]
[BlackElo "1922"]
[PlyCount "82"]
[EventDate "2012.03.09"]
[EventType "swiss"]
[EventRounds "5"]
[EventCountry "ITA"]
[SourceTitle "EXT 2013"]
[Source "ChessBase"]
[SourceDate "2012.11.22"]
[SourceVersion "1"]
[SourceVersionDate "2012.11.22"]
[SourceQuality "1"]

1. d4 d5 2. c4 c6 3. Nf3 Nf6 4. Qc2 dxc4 5. Qxc4 Bf5 6. g3 e6 7. Bg2 Bd6 8. 0-0 0-0 9. Nh4 b5 10. Qb3 Be4 11. Bxe4 Nxe4 12. Qf3 Nf6 13. Nc3 Qc7 14. Bg5 Nbd7 15. Rac1 Qb6 16. Rfd1 h6 17. Bxf6 Nxf6 18. Ne4 Nxe4 19. Qxe4 c5 20. d5 exd5 21. Rxd5 Rfe8 22. Qf3 Bf8 23. Rd7 Qe6 24. Rcd1 a6 25. b3 Rac8 26. Ng2 Re7 27. Rxe7 Qxe7 28. Ne3 Re8 29. Kf1 Qe4 30. Qxe4 Rxe4 31. Rd8 f6 32. Ra8 Re6 33. Nd5 Rd6 34. Nc7 Kf7 35. e3 Rc6 36. Nxa6 c4 37. Nb8 Rc7 38. bxc4 bxc4 39. Ke2 c3 40. Kd1 c2+ 41. Kc1 Bb4 0-1